000 00534nam a2200145 4500
999 _c10944
_d10944
008 180927b ||||| |||| 00| 0 eng d
022 _a2094-8042
082 _aDPer 370.105 M72 Jan-Dec 2011 v59-60
100 _931802
_aLolarga, Elizabeth
245 _aTeacher on teaching:
_busing Philippine indigenous music instruments in the classroom/
_cElizabeth Lolarga.
260 _aPhilippines:
_bIn the Grade School, Inc.,
_cc2011.
300 _av60 n6, page 226:
_billustrations;
_c27cm.
650 0 _931805
_aTeaching.
942 _2ddc
_cPER